[Event "Philadelphia op"]
[Site "Philadelphia USA"]
[Date "2014.04.17"]
[Round "2"]
[White "Preotu, Razvan"]
[Black "Oleksienko, Michailo"]
[Result "0-1"]
[WhiteElo "2354"]
[BlackElo "2618"]
[WhiteFideId "-1"]
[WhiteFideId "-1"]
[PlyCount "88"]
[GameId "2130307672676176"]
[EventDate "2014.04.16"]
[EventType "swiss"]
[EventRounds "9"]
[EventCountry "USA"]
[SourceTitle "The Week in Chess 1015"]
[Source "Mark Crowther"]
[SourceDate "2014.04.21"]
[SourceVersion "3"]
[SourceVersionDate "2014.04.22"]
[SourceQuality "2"]

1. e4 c6 2. d4 d5 3. e5 Bf5 4. Nf3 e6 5. Be2 Nd7 6. O-O h6 7. Nbd2 Ne7 8. Nb3 Qc7 9. Nh4 Bh7 10. f4 c5 11. dxc5 Nxc5 12. Be3 Nxb3 13. axb3 a6 14. c3 Rd8 15. b4 Nc6 16. Nf3 Be7 17. Qe1 O-O 18. Qf2 Rde8 19. Nd4 Be4 20. Nxc6 Qxc6 21. Ra5 Qc7 22. Bb6 Qb8 23. b5 f6 24. Qd4 fxe5 25. fxe5 axb5 26. Bxb5 Rxf1+ 27. Bxf1 Rf8 28. g3 Qe8 29. Be2 Qg6 30. Ra1 Bh4 31. Qe3 d4 32. cxd4 Bg5 33. Qc3 Bd5 34. Rf1 Qe4 35. Rxf8+ Kxf8 36. Kf2 Qg2+ 37. Ke1 Qg1+ 38. Bf1 Qxh2 39. Qc8+ Kf7 40. Qc7+ Be7 41. Qc3 Qg1 42. Ke2 Bg5 43. Qc7+ Kg6 44. Qc3 Bc4+ 0-1

[Event "Philadelphia op"]
[Site "Philadelphia USA"]
[Date "2014.04.19"]
[Round "7"]
[White "Dobrov, Vladimir"]
[Black "Preotu, Razvan"]
[Result "1-0"]
[WhiteElo "2511"]
[BlackElo "2354"]
[WhiteFideId "-1"]
[WhiteFideId "-1"]
[PlyCount "93"]
[GameId "2130307672676232"]
[EventDate "2014.04.16"]
[EventType "swiss"]
[EventRounds "9"]
[EventCountry "USA"]
[SourceTitle "The Week in Chess 1015"]
[Source "Mark Crowther"]
[SourceDate "2014.04.21"]
[SourceVersion "3"]
[SourceVersionDate "2014.04.22"]
[SourceQuality "2"]

1. Nf3 Nf6 2. c4 g6 3. g3 Bg7 4. Bg2 O-O 5. O-O d5 6. cxd5 Nxd5 7. d4 Nb6 8. Nc3 Nc6 9. e3 Re8 10. Nh4 e5 11. d5 Nb8 12. e4 c6 13. Qb3 cxd5 14. exd5 f5 15. Nf3 h6 16. Be3 N8d7 17. d6+ Kh7 18. Nb5 e4 19. Nd2 Rg8 20. Nc7 Rb8 21. a4 Ne5 22. a5 Na8 23. Bxa7 Qxd6 24. Bxb8 Nxc7 25. Nc4 Qe6 26. Rac1 Nxc4 27. Rxc4 b5 28. axb6 Ba6 29. Bxc7 Bxc4 30. Qc2 Bxf1 31. Bxf1 Re8 32. Qc5 e3 33. Qxe3 Qc6 34. Qd2 Be5 35. Bg2 Qb5 36. h4 Re7 37. Qd8 Re8 38. Qd2 Re7 39. Qc2 Qa5 40. b4 Qxb4 41. h5 Qa5 42. hxg6+ Kg7 43. Bd8 Rd7 44. Qxf5 Rd1+ 45. Bf1 Qd5 46. b7 Kg8 47. Be7 1-0

[Event "Aurora Spring op"]
[Site "Aurora CAN"]
[Date "2014.03.08"]
[Round "1.2"]
[White "Noritsyn, Sergey"]
[Black "Preotu, Razvan"]
[Result "0-1"]
[WhiteElo "1840"]
[BlackElo "2356"]
[WhiteFideId "-1"]
[WhiteFideId "-1"]
[PlyCount "74"]
[GameId "2160767909120943"]
[EventDate "2014.03.08"]
[EventType "swiss"]
[EventRounds "5"]
[EventCountry "CAN"]
[SourceTitle "EXT 2022"]
[Source "ChessBase"]
[SourceDate "2021.10.06"]
[SourceVersion "1"]
[SourceVersionDate "2021.10.06"]
[SourceQuality "1"]

1. e4 c5 2. Nf3 d6 3. c3 Nf6 4. h3 Nbd7 5. Bd3 b6 6. O-O Bb7 7. Qe2 e5 8. Bc2 Be7 9. d3 h6 10. Nh4 g6 11. Bb3 b5 12. Nd2 Nh5 13. Nhf3 Nf4 14. Qe3 g5 15. Nh2 h5 16. f3 c4 17. Bc2 cxd3 18. Bxd3 Nxd3 19. Qxd3 Qb6+ 20. Kh1 Nc5 21. Qe3 g4 22. b4 Na4 23. Re1 Rc8 24. Nb1 gxh3 25. gxh3 Bh4 26. Re2 Rg8 27. Rg2 Rxg2 28. Kxg2 Ke7 29. Nf1 Qc6 30. Bd2 d5 31. exd5 Rg8+ 32. Kh1 Qg6 33. Qxe5+ Kd7 34. Ng3 Bxg3 35. Qe2 Bc7 36. Qxb5+ Kc8 37. Qf1 Qg3 0-1

[Event "Aurora Spring op"]
[Site "Aurora CAN"]
[Date "2014.03.08"]
[Round "2.2"]
[White "Preotu, Razvan"]
[Black "Zhang, Yuanchen"]
[Result "1/2-1/2"]
[WhiteElo "2356"]
[BlackElo "2118"]
[WhiteFideId "-1"]
[WhiteFideId "-1"]
[PlyCount "53"]
[GameId "2160767909120951"]
[EventDate "2014.03.08"]
[EventType "swiss"]
[EventRounds "5"]
[EventCountry "CAN"]
[SourceTitle "EXT 2022"]
[Source "ChessBase"]
[SourceDate "2021.10.06"]
[SourceVersion "1"]
[SourceVersionDate "2021.10.06"]
[SourceQuality "1"]

1. e4 e5 2. Nf3 Nc6 3. d4 exd4 4. Nxd4 Nf6 5. Nxc6 bxc6 6. e5 Qe7 7. Qe2 Nd5 8. c4 Nb6 9. Nd2 d5 10. exd6 cxd6 11. b3 Qxe2+ 12. Bxe2 Be7 13. O-O Bf6 14. Ba3 Bxa1 15. Rxa1 d5 16. cxd5 cxd5 17. Bb5+ Bd7 18. Ba6 f6 19. Re1+ Kf7 20. Re7+ Kg6 21. Nf3 Rae8 22. Bd3+ Kh6 23. Bc1+ g5 24. Rf7 Ref8 25. Re7 Re8 26. Rf7 Ref8 27. Re7 1/2-1/2

[Event "Aurora Spring op"]
[Site "Aurora CAN"]
[Date "2014.03.08"]
[Round "3.2"]
[White "Zeromskis, Egidijus"]
[Black "Preotu, Razvan"]
[Result "1/2-1/2"]
[WhiteElo "2119"]
[BlackElo "2356"]
[WhiteFideId "-1"]
[WhiteFideId "-1"]
[PlyCount "117"]
[GameId "2160767909120959"]
[EventDate "2014.03.08"]
[EventType "swiss"]
[EventRounds "5"]
[EventCountry "CAN"]
[SourceTitle "EXT 2022"]
[Source "ChessBase"]
[SourceDate "2021.10.06"]
[SourceVersion "1"]
[SourceVersionDate "2021.10.06"]
[SourceQuality "1"]

1. e4 c5 2. Nc3 Nc6 3. g3 g6 4. Bg2 Bg7 5. d3 d6 6. Be3 Rb8 7. Qd2 b5 8. Nge2 b4 9. Nd1 Nf6 10. Bh6 Bxh6 11. Qxh6 Nd4 12. Qd2 Bh3 13. O-O Bxg2 14. Kxg2 O-O 15. Ne3 Qd7 16. Nf4 e6 17. Nh3 Ne8 18. c3 Nc6 19. d4 bxc3 20. bxc3 cxd4 21. cxd4 Nf6 22. f3 Rb4 23. Nc2 Rb2 24. Rf2 Rc8 25. Qc3 Qb7 26. Qa3 d5 27. e5 Nd7 28. Rd1 Ncxe5 29. Ne3 Rxf2+ 30. Nxf2 Nc4 31. Nxc4 Rxc4 32. Rd2 Qc7 33. Qb2 Kg7 34. Ng4 Rc3 35. h4 h5 36. Nf2 Nb6 37. Qb4 Rc2 38. g4 hxg4 39. Nxg4 Qc3 40. Qxc3 Rxc3 41. Ne5 f6 42. Ng4 Nc4 43. Re2 f5 44. Nf2 Re3 45. Rc2 Re1 46. Kg3 Kf6 47. Kf4 Rg1 48. Re2 Rg2 49. Ng4+ fxg4 50. Rxg2 gxf3 51. Kxf3 Nd6 52. Ke2 Nf5 53. Rg4 Nh6 54. Rf4+ Nf5 55. Kd3 g5 56. hxg5+ Kxg5 57. Rf2 Nd6 58. Rf8 a5 59. Ra8 1/2-1/2

[Event "Aurora Spring op"]
[Site "Aurora CAN"]
[Date "2014.03.09"]
[Round "4.2"]
[White "Preotu, Razvan"]
[Black "Wang, Eric Zechen"]
[Result "1-0"]
[WhiteElo "2356"]
[BlackElo "1886"]
[WhiteFideId "-1"]
[WhiteFideId "-1"]
[PlyCount "67"]
[GameId "2160767909120965"]
[EventDate "2014.03.08"]
[EventType "swiss"]
[EventRounds "5"]
[EventCountry "CAN"]
[SourceTitle "EXT 2022"]
[Source "ChessBase"]
[SourceDate "2021.10.06"]
[SourceVersion "1"]
[SourceVersionDate "2021.10.06"]
[SourceQuality "1"]

1. e4 c5 2. Nf3 Nc6 3. d4 cxd4 4. Nxd4 Nf6 5. Nc3 e5 6. Ndb5 d6 7. Bg5 a6 8. Na3 b5 9. Bxf6 gxf6 10. Nd5 Bg7 11. Bd3 O-O 12. O-O Be6 13. Qh5 Ne7 14. Nxe7+ Qxe7 15. c3 Kh8 16. Nc2 Rg8 17. Ne3 Bf8 18. a4 Rg5 19. Qf3 Rb8 20. axb5 axb5 21. b4 Rg6 22. Ra5 Qe8 23. Qe2 Bd7 24. Rfa1 Bh6 25. Nf5 Bxf5 26. exf5 Rg8 27. Rxb5 Rxb5 28. Bxb5 Qc8 29. Qf3 Bf4 30. g3 Qxf5 31. Kh1 Qh3 32. Bf1 Qf5 33. gxf4 e4 34. Qe3 1-0

[Event "Aurora Spring op"]
[Site "Aurora CAN"]
[Date "2014.03.09"]
[Round "5.1"]
[White "Sambuev, Bator"]
[Black "Preotu, Razvan"]
[Result "1-0"]
[WhiteElo "2554"]
[BlackElo "2356"]
[WhiteFideId "-1"]
[WhiteFideId "-1"]
[PlyCount "69"]
[GameId "2160767909149644"]
[EventDate "2014.03.08"]
[EventType "swiss"]
[EventRounds "5"]
[EventCountry "CAN"]
[SourceTitle "EXT 2022"]
[Source "ChessBase"]
[SourceDate "2021.10.06"]
[SourceVersion "1"]
[SourceVersionDate "2021.10.06"]
[SourceQuality "1"]

1. d4 Nf6 2. c4 c5 3. d5 e6 4. Nc3 exd5 5. cxd5 d6 6. e4 g6 7. Bb5+ Nbd7 8. a4 Bg7 9. Nf3 a6 10. Be2 O-O 11. Nd2 Re8 12. h3 c4 13. O-O Nc5 14. e5 dxe5 15. Nxc4 Bf5 16. Be3 Rc8 17. Rc1 Nfe4 18. Nxe4 Nxe4 19. Bb6 Qh4 20. d6 Bd7 21. Bc7 Bh6 22. Ra1 Bf4 23. Ra3 Ng5 24. Bg4 Bxg4 25. Qxg4 Qxg4 26. hxg4 e4 27. Rb3 Rf8 28. Nb6 Rxc7 29. dxc7 Bxc7 30. Nd5 Be5 31. Rxb7 Ne6 32. b4 Kg7 33. Ne7 Bc3 34. Rd1 Re8 35. Rdd7 1-0

[Event "North American op"]
[Site "Las Vegas USA"]
[Date "2013.12.30"]
[Round "9"]
[White "Preotu, Razvan"]
[Black "Zugic, Igor"]
[Result "1-0"]
[WhiteElo "2330"]
[BlackElo "2462"]
[WhiteFideId "-1"]
[WhiteFideId "-1"]
[PlyCount "83"]
[GameId "2130307675970792"]
[EventDate "2013.12.26"]
[EventType "swiss"]
[EventRounds "9"]
[EventCountry "USA"]

1. e4 c5 2. Nf3 e6 3. d4 cxd4 4. Nxd4 Nc6 5. Nc3 Qc7 6. Be3 Nf6 7. Qd2 a6 8. f3 b5 9. O-O-O Nxd4 10. Bxd4 Be7 11. g4 O-O 12. e5 Ne8 13. Ne4 f6 14. f4 d5 15. Ng3 fxe5 16. fxe5 b4 17. Bd3 Qa5 18. Kb1 Nc7 19. Qe3 Qa4 20. Bc5 Bxc5 21. Qxc5 Nb5 22. Rhf1 Re8 23. Rf4 Bd7 24. Rdf1 Qa5 25. Qxb4 Qxb4 26. Rxb4 Rab8 27. Rbf4 Re7 28. Ne2 a5 29. Kc1 Na7 30. Nd4 g6 31. h4 Kg7 32. h5 Nc6 33. Nxc6 Bxc6 34. hxg6 hxg6 35. Rf6 Be8 36. g5 Rb4 37. R1f4 Rxf4 38. Rxf4 Rc7 39. a3 Rc5 40. b4 axb4 41. axb4 Rc8 42. Kd2 1-0

[Event "Guelph Fall Pro-Am"]
[Site "Guelph CAN"]
[Date "2013.11.02"]
[Round "2"]
[White "Preotu, Razvan"]
[Black "Noritsyn, Nikolay"]
[Result "1/2-1/2"]
[WhiteElo "2490"]
[BlackElo "2630"]
[WhiteFideId "-1"]
[WhiteFideId "-1"]
[PlyCount "137"]
[GameId "2160767909224942"]
[EventDate "2013.11.01"]
[EventType "swiss"]
[EventRounds "5"]
[EventCountry "CAN"]

1. e4 e6 2. d4 d5 3. Nd2 a6 4. Ngf3 Nf6 5. e5 Nfd7 6. Bd3 c5 7. c3 Nc6 8. a3 Qb6 9. O-O cxd4 10. cxd4 Nxd4 11. Nxd4 Qxd4 12. Nf3 Qb6 13. Qa4 g6 14. Be3 Qd8 15. Rac1 Rb8 16. Bg5 b5 17. Qf4 Qb6 18. Bh6 Bb7 19. Bxf8 Rxf8 20. Ng5 h6 21. Nh7 g5 22. Qb4 Rh8 23. Nf6+ Kd8 24. Nxd7 Kxd7 25. a4 Rhc8 26. axb5 a5 27. Qg4 Rxc1 28. Rxc1 Rc8 29. Rd1 Qc7 30. Qh5 Ke7 31. Re1 Rh8 32. Qf3 Rg8 33. Qf6+ Ke8 34. Bh7 Rf8 35. Qxh6 Qc4 36. Qxg5 Qxb5 37. Qd2 Kd7 38. Bd3 Qb6 39. Ra1 Ra8 40. h4 Bc6 41. h5 Qd4 42. Qc3 Qxc3 43. bxc3 a4 44. h6 Rh8 45. h7 Ke7 46. Bc2 Kf8 47. Bxa4 Bxa4 48. Rxa4 Rxh7 49. f4 Kg7 50. Ra8 Kg6 51. Kf2 Rh1 52. g4 Rc1 53. Rc8 Rc2+ 54. Ke3 Rg2 55. Kf3 Rc2 56. Ke3 Rg2 57. Kf3 Rc2 58. Rc6 Rc1 59. Ke3 Kg7 60. f5 Re1+ 61. Kf4 Re4+ 62. Kg5 Rxe5 63. Rc7 exf5 64. gxf5 Re3 65. f6+ Kg8 66. Rc8+ Kh7 67. Rc7 Kg8 68. Rc8+ Kh7 69. Rc7 1/2-1/2

[Event "Aurora Fall op"]
[Site "Aurora CAN"]
[Date "2013.10.19"]
[Round "1"]
[White "Preotu, Razvan"]
[Black "Morrell, Gordon"]
[Result "1-0"]
[WhiteElo "2322"]
[BlackElo "2159"]
[WhiteFideId "-1"]
[WhiteFideId "-1"]
[PlyCount "47"]
[GameId "2160767909224948"]
[EventDate "2013.10.19"]
[EventType "swiss"]
[EventRounds "5"]
[EventCountry "CAN"]
[SourceTitle "EXT 2014"]
[Source "ChessBase"]
[SourceDate "2013.11.20"]
[SourceVersion "1"]
[SourceVersionDate "2013.11.20"]
[SourceQuality "1"]

1. e4 c6 2. d4 d5 3. e5 Bf5 4. Nf3 e6 5. Be2 c5 6. O-O Nc6 7. Nbd2 Nge7 8. Nb3 c4 9. Nc5 Ng6 10. Nxb7 Qc7 11. Nd6+ Bxd6 12. exd6 Qxd6 13. c3 O-O 14. b3 cxb3 15. axb3 Rfd8 16. Ra6 Qc7 17. Qd2 Rab8 18. b4 Rb7 19. h3 Nge7 20. Qf4 Nb8 21. Qxc7 Rxc7 22. Ra3 Nd7 23. Bf4 Rb7 24. Ba6 1-0

[Event "Aurora Fall op"]
[Site "Aurora CAN"]
[Date "2013.10.19"]
[Round "2.2"]
[White "Aronov, Yuri"]
[Black "Preotu, Razvan"]
[Result "0-1"]
[WhiteElo "2309"]
[BlackElo "2478"]
[WhiteFideId "-1"]
[WhiteFideId "-1"]
[PlyCount "84"]
[GameId "2160767909224959"]
[EventDate "2013.10.19"]
[EventType "swiss"]
[EventRounds "5"]
[EventCountry "CAN"]

1. d4 Nf6 2. Nf3 g6 3. Bf4 Bg7 4. e3 O-O 5. h3 d6 6. Be2 c5 7. c3 b6 8. Nbd2 Bb7 9. O-O Nbd7 10. a4 Re8 11. Bh2 Ne4 12. a5 Nxd2 13. Nxd2 Bc6 14. axb6 axb6 15. Bf3 Qc7 16. Qb3 Bxf3 17. Nxf3 Qc6 18. Ng5 e6 19. Nf3 c4 20. Qc2 d5 21. Nd2 b5 22. e4 Bf8 23. exd5 exd5 24. Rae1 b4 25. Bf4 b3 26. Qb1 Nb6 27. Rxe8 Rxe8 28. Re1 Ra8 29. Nf1 Qf6 30. Be5 Qf5 31. Qxf5 gxf5 32. Ne3 Ra2 33. Rb1 f6 34. Bxf6 Na4 35. Nd1 Nxb2 36. Nxb2 Ba3 37. Nd1 b2 38. Kh2 Ra1 39. Rxb2 Bxb2 40. Nxb2 Ra2 41. Nd1 f4 42. Be7 Rd2 0-1

[Event "Aurora Fall op"]
[Site "Aurora CAN"]
[Date "2013.10.19"]
[Round "3.1"]
[White "Preotu, Razvan"]
[Black "Noritsyn, Nikolay"]
[Result "1-0"]
[WhiteElo "2478"]
[BlackElo "2625"]
[WhiteFideId "-1"]
[WhiteFideId "-1"]
[PlyCount "107"]
[GameId "2160767909224968"]
[EventDate "2013.10.19"]
[EventType "swiss"]
[EventRounds "5"]
[EventCountry "CAN"]

1. e4 c5 2. Nf3 e6 3. d4 cxd4 4. Nxd4 a6 5. Nc3 Qc7 6. Bd3 Nf6 7. f4 d6 8. Qf3 Be7 9. g4 Nc6 10. Nb3 b5 11. Be3 Bb7 12. O-O-O Nd7 13. Kb1 Rc8 14. g5 Nb4 15. Qf2 O-O 16. Rhg1 Rfe8 17. Nd4 Bf8 18. a3 Nxd3 19. cxd3 g6 20. Nde2 a5 21. Rc1 Ba6 22. b4 Qb7 23. Na2 axb4 24. Rxc8 Rxc8 25. axb4 Nb8 26. Rc1 Nc6 27. Nd4 Nxd4 28. Rxc8 Qxc8 29. Bxd4 Qd7 30. Qc2 Qc8 31. Qxc8 Bxc8 32. Bf6 Bg7 33. Bxg7 Kxg7 34. e5 dxe5 35. fxe5 h6 36. h4 hxg5 37. hxg5 Kf8 38. Kb2 Ke7 39. Kc3 Kd7 40. Kd4 Kc6 41. Nc3 Kb6 42. Ne4 Bb7 43. Nd6 Bg2 44. Nxf7 Bh3 45. Nd6 Kc6 46. Nc8 Bf5 47. Ne7+ Kd7 48. Nxf5 gxf5 49. Ke3 Ke7 50. g6 Kf8 51. Kf4 Kg7 52. Kg5 Kf8 53. d4 Kg7 54. d5 1-0

[Event "Aurora Fall op"]
[Site "Aurora CAN"]
[Date "2013.10.20"]
[Round "4.1"]
[White "Plotkin, Victor"]
[Black "Preotu, Razvan"]
[Result "1-0"]
[WhiteElo "2393"]
[BlackElo "2478"]
[WhiteFideId "-1"]
[WhiteFideId "-1"]
[PlyCount "121"]
[GameId "2160767909224977"]
[EventDate "2013.10.19"]
[EventType "swiss"]
[EventRounds "5"]
[EventCountry "CAN"]

1. e4 c5 2. c3 Nf6 3. e5 Nd5 4. d4 cxd4 5. Nf3 Nc6 6. Bc4 e6 7. cxd4 d6 8. O-O Be7 9. Nbd2 dxe5 10. dxe5 O-O 11. Qe2 Nf4 12. Qe4 Ng6 13. Bd3 Qd5 14. Qxd5 exd5 15. Re1 Re8 16. a3 Bd8 17. b4 Ncxe5 18. Nxe5 Rxe5 19. Bb2 Rxe1+ 20. Rxe1 Bd7 21. g3 Bb6 22. Nf3 Nf8 23. Ne5 Re8 24. Rd1 Be6 25. Bb5 Rd8 26. Nd3 Bd7 27. Bxd7 Rxd7 28. Nf4 d4 29. Kg2 f5 30. Nd3 Ne6 31. Re1 Rd6 32. a4 a6 33. Ba3 Kf7 34. b5 Rd5 35. bxa6 bxa6 36. Rb1 Bc7 37. Rb7 Kf6 38. Bb4 g5 39. Ra7 a5 40. Bd2 h5 41. Ra6 Ke7 42. Ra8 Rd8 43. Ra7 Kf6 44. Bxa5 Bxa5 45. Rxa5 Rc8 46. Kf1 Rc2 47. Ke1 Nc7 48. Rc5 Rxc5 49. Nxc5 Ke5 50. Kd2 Kd5 51. Nd7 Ke4 52. Nf6+ Kf3 53. Nxh5 Kxf2 54. h4 gxh4 55. gxh4 Nd5 56. a5 Kf3 57. a6 Nc7 58. Nf6 Kf4 59. a7 Ke5 60. Ne8 Na8 61. h5 1-0

[Event "Aurora Fall op"]
[Site "Aurora CAN"]
[Date "2013.10.20"]
[Round "5.3"]
[White "Preotu, Razvan"]
[Black "Nicholson, Matthew"]
[Result "1-0"]
[WhiteElo "2478"]
[BlackElo "2286"]
[WhiteFideId "-1"]
[WhiteFideId "-1"]
[PlyCount "89"]
[GameId "2160767909224990"]
[EventDate "2013.10.19"]
[EventType "swiss"]
[EventRounds "5"]
[EventCountry "CAN"]

1. e4 c6 2. d4 d5 3. e5 Bf5 4. Nf3 e6 5. Be2 c5 6. Nbd2 Nc6 7. O-O cxd4 8. Nb3 Nge7 9. Nbxd4 Bg4 10. c4 a6 11. Qa4 Qa5 12. Qxa5 Nxa5 13. cxd5 Nxd5 14. Bd2 Bb4 15. Bxb4 Nxb4 16. h3 Bh5 17. a3 Nbc6 18. g4 Bg6 19. b4 Nxd4 20. Nxd4 O-O-O 21. Rfd1 Nc6 22. Nxc6 bxc6 23. Bxa6+ Kc7 24. Be2 Bc2 25. Rxd8 Rxd8 26. Rc1 Rd2 27. Bf3 Kb6 28. Kf1 Ba4 29. Rc3 Bb5+ 30. Kg2 Rd4 31. Kg3 h6 32. h4 g6 33. Bg2 g5 34. h5 Rd3+ 35. Rxd3 Bxd3 36. f4 gxf4+ 37. Kxf4 c5 38. bxc5+ Kxc5 39. Be4 Be2 40. Bf3 Bd3 41. g5 hxg5+ 42. Kxg5 Kd4 43. Kf6 Bc2 44. h6 Bg6 45. Bh5 1-0

[Event "NAYCC U18"]
[Site "Toronto CAN"]
[Date "2013.08.14"]
[Round "1"]
[White "Sohal, Tanraj"]
[Black "Preotu, Razvan"]
[Result "0-1"]
[WhiteElo "2497"]
[BlackElo "2265"]
[WhiteFideId "-1"]
[WhiteFideId "-1"]
[PlyCount "84"]
[GameId "2160767909292629"]
[EventDate "2013.08.14"]
[EventType "swiss"]
[EventRounds "9"]
[EventCountry "CAN"]
[SourceTitle "hb 2013"]

1. d4 Nf6 2. c4 c5 3. d5 e6 4. Nc3 exd5 5. cxd5 d6 6. Nf3 g6 7. Bf4 a6 8. a4 Bg7 9. h3 O-O 10. e3 Nh5 11. Bh2 f5 12. Be2 f4 13. O-O Qe7 14. Qd3 Bh6 15. e4 Nd7 16. a5 Ne5 17. Nxe5 Qxe5 18. Na4 Bd7 19. Nb6 Bb5 20. Qc2 Rad8 21. Rfe1 Bg7 22. Bxb5 axb5 23. Ra3 c4 24. b3 Qc3 25. Qxc3 Bxc3 26. Rb1 Bb4 27. Ra2 c3 28. f3 Ng3 29. Bxg3 fxg3 30. Kf1 g5 31. Ke2 h5 32. Rf1 Kg7 33. Kd3 Rf4 34. a6 bxa6 35. Rxa6 g4 36. hxg4 hxg4 37. Ra7+ Kg6 38. Na8 gxf3 39. gxf3 Bc5 40. Ra2 c2 41. Rc1 Rxf3+ 42. Ke2 Rf2+ 0-1

[Event "NAYCC U18"]
[Site "Toronto CAN"]
[Date "2013.08.15"]
[Round "3"]
[White "Itkin, David"]
[Black "Preotu, Razvan"]
[Result "1/2-1/2"]
[WhiteElo "2182"]
[BlackElo "2497"]
[WhiteFideId "-1"]
[WhiteFideId "-1"]
[PlyCount "67"]
[GameId "2160767909292651"]
[EventDate "2013.08.14"]
[EventType "swiss"]
[EventRounds "9"]
[EventCountry "CAN"]
[SourceTitle "EXT 2022"]
[Source "ChessBase"]
[SourceDate "2021.10.06"]
[SourceVersion "1"]
[SourceVersionDate "2021.10.06"]
[SourceQuality "1"]

1. e4 c5 2. Nf3 Nc6 3. Nc3 g6 4. d4 cxd4 5. Nxd4 Bg7 6. Be3 Nf6 7. Bc4 Qa5 8. O-O O-O 9. Bb3 d6 10. h3 Bd7 11. f4 Nxd4 12. Bxd4 Bc6 13. Nd5 Bxd5 14. exd5 Nd7 15. Bxg7 Kxg7 16. Qd4+ Kg8 17. Rae1 Rfe8 18. c4 Rac8 19. Kh2 Qb4 20. Re3 a5 21. a3 Qb6 22. Qc3 Nf6 23. Qd2 Red8 24. f5 Rc7 25. fxg6 hxg6 26. Qe2 Nd7 27. Rxe7 Ne5 28. Rxc7 Qxc7 29. Qf2 Qe7 30. Qb6 a4 31. Ba2 Kg7 32. Qd4 Rh8 33. Qc3 b6 34. Qd4 1/2-1/2

[Event "NAYCC U18"]
[Site "Toronto CAN"]
[Date "2013.08.16"]
[Round "4"]
[White "Preotu, Razvan"]
[Black "Colas, Joshua"]
[Result "0-1"]
[WhiteElo "2497"]
[BlackElo "2405"]
[WhiteFideId "-1"]
[WhiteFideId "-1"]
[PlyCount "98"]
[GameId "2160767909292667"]
[EventDate "2013.08.14"]
[EventType "swiss"]
[EventRounds "9"]
[EventCountry "CAN"]
[SourceTitle "EXT 2022"]
[Source "ChessBase"]
[SourceDate "2021.10.06"]
[SourceVersion "1"]
[SourceVersionDate "2021.10.06"]
[SourceQuality "1"]

1. e4 c5 2. Nf3 e6 3. Nc3 a6 4. d4 cxd4 5. Nxd4 b5 6. Bd3 Qb6 7. Nb3 Qc7 8. O-O Nc6 9. Bd2 Nf6 10. f4 d6 11. Qe1 Be7 12. a4 b4 13. Na2 a5 14. Kh1 O-O 15. c3 bxc3 16. Nxc3 Qb6 17. Nb5 e5 18. f5 Bb7 19. Rc1 d5 20. exd5 Nxd5 21. Be4 Rfd8 22. Rxc6 Bxc6 23. Bxa5 Rxa5 24. Qxa5 Qe3 25. Nc3 Nxc3 26. Bxc6 Nd1 27. Qxd8+ Bxd8 28. Rxd1 Bb6 29. Nd2 Qd4 30. Bf3 Qxa4 31. Ne4 h6 32. h4 Bd4 33. Kh2 Qd7 34. f6 Qe6 35. Rf1 Qa6 36. Rc1 gxf6 37. Ng3 Bf2 38. Nf5 Qd3 39. Bg4 h5 40. Bh3 e4 41. Rc6 e3 42. Ne7+ Kg7 43. Nf5+ Kh7 44. Ne7 e2 45. Bf5+ Qxf5 46. Nxf5 e1=Q 47. Rc1 Qxc1 48. Ng3 Qf4 49. Kh3 Qxg3# 0-1

[Event "NAYCC U18"]
[Site "Toronto CAN"]
[Date "2013.08.16"]
[Round "5"]
[White "Preotu, Razvan"]
[Black "Qin, Zi Yi (Joey)"]
[Result "1/2-1/2"]
[WhiteElo "2497"]
[BlackElo "2460"]
[WhiteFideId "-1"]
[WhiteFideId "-1"]
[PlyCount "103"]
[GameId "2160767909292685"]
[EventDate "2013.08.14"]
[EventType "swiss"]
[EventRounds "9"]
[EventCountry "CAN"]

1. e4 c5 2. Ne2 d6 3. g3 Bg4 4. Bg2 Bxe2 5. Qxe2 Nc6 6. O-O g6 7. c3 Bg7 8. d3 Nf6 9. Be3 O-O 10. f4 Rc8 11. a4 a6 12. Nd2 Qc7 13. Rac1 Qb8 14. g4 Nd7 15. g5 b5 16. Bh3 Rc7 17. axb5 Qxb5 18. Nc4 Na5 19. Nxa5 Qxa5 20. f5 Qb5 21. f6 exf6 22. Bxd7 Rxd7 23. gxf6 Bh8 24. c4 Qb7 25. h4 Re8 26. Rf2 Qb8 27. Rcf1 Re5 28. Qg4 Qe8 29. Bd2 h5 30. Qg3 Kh7 31. Bc3 Re6 32. Rf5 Qf8 33. Rd5 Rb7 34. Qg5 Rb3 35. Rf2 a5 36. Bxa5 Qa8 37. Bd2 Rxb2 38. Qxh5+ Kg8 39. Qg5 Rxd2 40. Qxd2 Bxf6 41. Qa2 Qd8 42. Rf3 Bd4+ 43. Kf1 Qxh4 44. Qg2 Kg7 45. Rdf5 Rf6 46. Rxf6 Bxf6 47. Ke2 Qh5 48. Qh3 Qe5 49. Rf1 Qb2+ 50. Kf3 Qd2 51. Kg4 Qg5+ 52. Kf3 1/2-1/2

[Event "NAYCC U18"]
[Site "Toronto CAN"]
[Date "2013.08.17"]
[Round "6"]
[White "Semianiuk, Konstantin"]
[Black "Preotu, Razvan"]
[Result "0-1"]
[WhiteElo "2315"]
[BlackElo "2497"]
[WhiteFideId "-1"]
[WhiteFideId "-1"]
[PlyCount "48"]
[GameId "2160767909296794"]
[EventDate "2013.08.14"]
[EventType "swiss"]
[EventRounds "9"]
[EventCountry "CAN"]
[SourceTitle "EXT 2022"]
[Source "ChessBase"]
[SourceDate "2021.10.06"]
[SourceVersion "1"]
[SourceVersionDate "2021.10.06"]
[SourceQuality "1"]

1. e4 c5 2. Nf3 d6 3. Bb5+ Nd7 4. d4 cxd4 5. Qxd4 a6 6. Bxd7+ Bxd7 7. c4 e5 8. Qd3 b5 9. Nbd2 Nf6 10. O-O Qb6 11. b3 Qb7 12. Re1 Bc6 13. a4 bxa4 14. bxa4 Nd7 15. Nb3 Qc7 16. Bd2 Be7 17. Bb4 Rb8 18. Bd2 O-O 19. Bg5 f6 20. Bh4 Rb4 21. a5 Rfb8 22. Rab1 Qb7 23. Nfd2 Ba4 24. Re3 Nc5 0-1

[Event "NAYCC U18"]
[Site "Toronto CAN"]
[Date "2013.08.17"]
[Round "7"]
[White "Preotu, Razvan"]
[Black "Pamatmat, Jarod"]
[Result "1-0"]
[WhiteElo "2497"]
[BlackElo "2341"]
[WhiteFideId "-1"]
[WhiteFideId "-1"]
[PlyCount "113"]
[GameId "2160767909296807"]
[EventDate "2013.08.14"]
[EventType "swiss"]
[EventRounds "9"]
[EventCountry "CAN"]
[SourceTitle "EXT 2022"]
[Source "ChessBase"]
[SourceDate "2021.10.06"]
[SourceVersion "1"]
[SourceVersionDate "2021.10.06"]
[SourceQuality "1"]

1. e4 e6 2. d4 d5 3. Nd2 Nc6 4. Ngf3 Nf6 5. e5 Nd7 6. Be2 b6 7. Nf1 Ne7 8. Ng3 c5 9. c3 Nc6 10. O-O Be7 11. Nh5 O-O 12. Nf4 Bb7 13. g3 Qc7 14. h4 Rae8 15. Ng5 Nd8 16. Bd3 Bxg5 17. hxg5 Re7 18. Qg4 Nc6 19. Nh5 Ndxe5 20. dxe5 Nxe5 21. Qe2 Nxd3 22. Qxd3 Rd7 23. Re1 d4 24. cxd4 Qc6 25. f3 Rxd4 26. Qe2 Qxf3 27. Qxf3 Bxf3 28. Nf4 Rfd8 29. Kf2 Bg4 30. Be3 R4d7 31. Ne2 f6 32. gxf6 gxf6 33. Nc3 Kg7 34. a4 Bf5 35. a5 Bd3 36. axb6 axb6 37. Red1 e5 38. Na4 Rd6 39. Ra3 Kg6 40. Rb3 c4 41. Rxb6 Rxb6 42. Nxb6 e4 43. Nxc4 Rd5 44. Nd2 Rh5 45. Kg2 Rb5 46. Bd4 e3 47. Nf3 Be4 48. Re1 Rd5 49. Bxe3 Rf5 50. Bf4 Bxf3+ 51. Kxf3 Rb5 52. Rb1 Rb3+ 53. Ke2 Kf5 54. Kd2 h5 55. Kc2 Rb7 56. Rh1 Kg6 57. Kc3 1-0